Уравнения в алгебрата (Запис номер 184951)
[ съкратено ]
| 000 -Лидер | |
|---|---|
| Контролно поле с фиксирана дължина | nam a22 a 4500 |
| 003 - Код на организацията, давaща контролен номер | |
| Контролно поле | BLK |
| 005 - Дата и час на последна редакция | |
| Контролно поле | 20220701134831.0 |
| 008 - Елементи от данни с фиксирана дължина | |
| fixed length control field | 180411b bul|||||r ||||||| ||bul|| |
| 010 ## - Наследен системен номер | |
| LC control number | KNG00193928000 |
| 040 ## - Източник на каталожния запис | |
| Идентификатор на билиотеката - собственик на записа | BLK |
| 041 ## - Код за език | |
| Код за езика на текст/звукозапис или на отделно заглавие | Български |
| Код за езика КДБФ | Български |
| 080 ## - УДК | |
| Текстов определител УДК | Алгебра (Основи и логика вж 510) |
| УДК код - определител по УДК | 512 |
| УДК определител | (075.3) |
| УДК - код + определител | 512(075.3) |
| 100 ## - Редна дума - Автор | |
| Автор | Донев, Иван Ганчев |
| Авторска отговорност | първи автор |
| R(LIN) | 363692 |
| 139 ## - Редно поле | |
| Редна дума | Донев, Иван Ганчев и др. |
| Авторски знак | Дон - Д 77 |
| 245 10 - Сведения за заглавието | |
| Заглавие | Уравнения в алгебрата |
| Подзаглавни данни | Уч. помагало за учениците от IX до XI кл. на средните у-ща |
| Редно поле (дума) | Иван Донев, Запрян Запрянов. |
| 257 ## - Страна на издаване | |
| Страна на създаване/издаване | България |
| 260 ## - Област на издателските данни | |
| Име на издателя, разпространителя и проч. | Нар. просв. |
| Година на издаване | 1969 |
| Място на издаване, разпространение и проч. | София |
| 300 ## - Физическа характеристика | |
| Страници | 191 с. |
| Размери/Мащаб | 20 см |
| 380 ## - Жанр | |
| Жанр | Естествени науки. Математика |
| 500 ## - Общи забележки | |
| Забележка | Авт. не са дадени на кор. - На загл. стр. авт. Иван Ганчев Донев означен Ив. Ганчев. - Библиогр. с. 188. |
| 650 #4 - Допълнително описание по предмет – тема | |
| Основно описание – тема или топоним | Алгебра - задачи - учебници за средни училища |
| 9 (RLIN) | 243491 |
| 653 ## - Ключова дума – ненормативна | |
| Ключова дума | алгебра |
| 653 ## - Ключова дума – ненормативна | |
| Ключова дума | уравнения |
| 700 1# - Други автори (авторска отговорност) | |
| Лично име | Запрянов, Запрян Димитров |
| Автороска отговорност (Описва отношението между автора и произведението) | съавт. |
| 9 (RLIN) | 363472 |
| 852 ## - Местоположение | |
| Форматна сигнатура | Цб 52435 |
| Фондова буква | Хранилище |
| 856 4# - Електронен адрес и достъп | |
| Електронен формат | pdf - файл |
| 856 4# - Електронен адрес и достъп | |
| Електронен формат | pdf - файл |
| 999 ## - СИСТЕМНИ КОНТРОЛНИ НОМЕРА | |
| Koha biblionumber | 184951 |
| Koha biblioitemnumber | 184951 |
| 942 ## - АРТИКУЛИ | |
| Вид на библиотечния материал | Книги |
| Скрит в OPAC | Не |
| Koha issues (borrowed), all copies | 1 |
| Периодичен библиозапис | Да |
| 944 ## - СЪЗДАВАНЕ И РЕДАКЦИЯ на ЗАПИСА | |
| Създаване/Редакция | Създаване |
| Дата на регистрацията/редакция | 19.10.2016 |
| Служител, извършил регистрацията/редакцията | Христина_Везирева |
| Код за отписване | Код за изгубен артикул | Източник на класификационната схема | Код за повреда | Коз за рестрикции | Код за отдаване | Артикулен № | Име на библиотеката - собственик | Име на библиотеката, в която се намира в момента | Статус (Текущо местоположение) | Дата на вписване в системата | Местоположение - отдел | Цена в лева | Инвентарен номер | Систематично азбучна сигнатура | Баркод | Номер на екземпляра | Цена в евро | Служебна бележка | Служебен тип на артикула | Бележка за публиката |
|---|---|---|---|---|---|---|---|---|---|---|---|---|---|---|---|---|---|---|---|---|
| Не е изгубен | Universal Decimal Classification | Не е повреден | без рестрикции | ползва се в читалня | 320082 | Регионална библиотека "Любен Каравелов" Русе | Регионална библиотека "Любен Каравелов" Русе | Хранилище | 1969-01-01 | Хранилище | 0.40 | 67437 | Цб 52435 | 120000067437 | 1 | 0.20 | Вид: Сф Дата: 01.01.1969 | Книги | ||
| Изтеглен | Не е изгубен | Не е повреден | без рестрикции | заемане за дома | 320083 | Регионална библиотека "Любен Каравелов" Русе | Регионална библиотека "Любен Каравелов" Русе | 1969-01-01 | Заемна - подръчен фонд | 0.40 | 67797 | П 512/Д 77 | 67797 | 2 | 0.20 | Вид: Сф Дата: 01.01.1969 | Книги | Отч.N: 18/18 , Дата: 22.03.2018 | ||
| Изтеглен | Не е изгубен | Не е повреден | без рестрикции | заемане за дома | 320084 | Регионална библиотека "Любен Каравелов" Русе | Регионална библиотека "Любен Каравелов" Русе | 1969-01-01 | Заемна - подръчен фонд | 0.40 | 67798 | П 512/Д 77 | 67798 | 3 | 0.20 | Вид: Сф Дата: 01.01.1969 | Книги | Отч.N: 18/18 , Дата: 22.03.2018 | ||
| Изтеглен | Не е изгубен | Не е повреден | без рестрикции | заемане за дома | 320085 | Регионална библиотека "Любен Каравелов" Русе | Регионална библиотека "Любен Каравелов" Русе | 1969-01-01 | Заемна - подръчен фонд | 0.40 | 67799 | П 512/Д 77 | 67799 | 4 | 0.20 | Вид: Сф Дата: 01.01.1969 | Книги | Отч.N: 18/18 , Дата: 22.03.2018 | ||
| Изтеглен | Не е изгубен | Не е повреден | без рестрикции | заемане за дома | 320086 | Регионална библиотека "Любен Каравелов" Русе | Регионална библиотека "Любен Каравелов" Русе | 1969-01-01 | Заемна - подръчен фонд | 0.40 | 67800 | П 512/Д 77 | 67800 | 5 | 0.20 | Вид: Сф Дата: 01.01.1969 | Книги | Отч.N: 18/18 , Дата: 22.03.2018 | ||
| Изтеглен | Не е изгубен | Не е повреден | без рестрикции | заемане за дома | 320087 | Регионална библиотека "Любен Каравелов" Русе | Регионална библиотека "Любен Каравелов" Русе | 1969-01-01 | Заемна - подръчен фонд | 0.40 | 67801 | П 512/Д 77 | 67801 | 6 | 0.20 | Вид: Сф Дата: 01.01.1969 | Книги | Отч.N: 18/18 , Дата: 22.03.2018 |